Коридор : (Record no. 278402)
[ view plain ]
| 000 -LEADER | |
|---|---|
| fixed length control field | 01011nam a2200217 u 4500 |
| 001 - CONTROL NUMBER | |
| control field | 000753115 |
| 003 - CONTROL NUMBER IDENTIFIER | |
| control field | AM-YeHGA |
| 005 - DATE AND TIME OF LATEST TRANSACTION | |
| control field | 20250617143623.0 |
| 008 - FIXED-LENGTH DATA ELEMENTS--GENERAL INFORMATION | |
| fixed length control field | 100727s1984 ||| r 000 0 rus d |
| 040 ## - CATALOGING SOURCE | |
| Original cataloging agency | AM-YeHGA |
| 041 1# - LANGUAGE CODE | |
| Language code of text/sound track or separate title | rus |
| Language code of original | est |
| 090 ## - LOCALLY ASSIGNED LC-TYPE CALL NUMBER (OCLC); LOCAL CALL NUMBER (RLIN) | |
| -- | 280054 |
| 100 1# - MAIN ENTRY--PERSONAL NAME | |
| Personal name | Бээкман, Владимир Эугенович |
| 245 10 - TITLE STATEMENT | |
| Title | Коридор : |
| Remainder of title | Роман в письмах. [Пер. с эст. авт.] / |
| Statement of responsibility, etc. | Владимир Бээкман. |
| 260 ## - PUBLICATION, DISTRIBUTION, ETC. | |
| Place of publication, distribution, etc. | Таллинн : |
| Name of publisher, distributor, etc. | Ээсти раамат, |
| Date of publication, distribution, etc. | 1984. |
| 300 ## - PHYSICAL DESCRIPTION | |
| Extent | 287 с. |
| 653 0# - INDEX TERM--UNCONTROLLED | |
| Uncontrolled term | Германия во Второй мировой войне 1939-1945 гг. (х. л.) |
| 653 0# - INDEX TERM--UNCONTROLLED | |
| Uncontrolled term | Немецко-фашистская оккупация в период Второй мировой войны 1939-1945 гг. - Польша (х. л.) |
| 653 0# - INDEX TERM--UNCONTROLLED | |
| Uncontrolled term | Немцы эстонские - История, 1939 (х. л.) |
| 653 0# - INDEX TERM--UNCONTROLLED | |
| Uncontrolled term | Перемещенные лица во Второй мировой войне 1939-1945 гг. (х. л.) |
| Withdrawn status | Lost status | Damaged status | Not for loan | Collection | Home library | Current library | Date acquired | Total checkouts | Full call number | Barcode | Date last seen | Price effective from | Koha item type | Public note |
|---|---|---|---|---|---|---|---|---|---|---|---|---|---|---|
| General | Fundamental Scientific Library | Fundamental Scientific Library | 29/12/2016 | PII/531364 | FL0169279 | 29/12/2016 | 29/12/2016 | Գրքեր / Books | 30 Days Loan |
ՀՀ Գիտությունների ազգային ակադեմիայի հիմնարար գիտական գրադարան = Fundamental Scientific Library of NAS RA
All site content, except where otherwise noted, is licensed under a